[Event "Geneve Bois Gentil op"]
[Site "Geneve"]
[Date "2022.02.04"]
[Round "3"]
[White "Berset, David"]
[Black "Wehrli, Tobias"]
[Result "1-0"]
[WhiteElo "1831"]
[BlackElo "1771"]
[PlyCount "47"]
[EventDate "2022.01.14"]
[EventType "swiss"]
[EventRounds "7"]
[EventCountry "SUI"]
[SourceTitle "EXT 2023"]
[Source "ChessBase"]
[SourceDate "2022.10.05"]
[SourceVersion "1"]
[SourceVersionDate "2022.10.05"]
[SourceQuality "1"]

1. e4 c6 2. Nf3 d5 3. Nc3 dxe4 4. Nxe4 Bg4 5. h3 Bxf3 6. Qxf3 e6 7. b3 Nd7 8. Bb2 Ngf6 9. 0-0-0 Be7 10. g4 0-0 11. Bd3 a5 12. g5 Nd5 13. c4 Nb4 14. Bb1 Nc5 15. Nxc5 Bxc5 16. Qe4 f5 17. gxf6 Rxf6 18. Qxh7+ Kf7 19. Qh5+ Kg8 20. Bh7+ Kh8 21. Bg6+ Kg8 22. Qh7+ Kf8 23. Qh8+ Ke7 24. Qxg7+ 1-0